000 00404nam a22001577a 4500
005 20250801111658.0
008 250801b |||||||| |||| 00| 0 eng d
020 _a978-1-60827-008-8
041 _aeng
100 _aSETH, MEERA
_98640
245 _aUNTO RESEARCH: CHINMAYA INTERNATIONAL FOUNDATION
260 _bCHINMAYA PUBLICATIONS
300 _ai-ix;p 247;P
650 _aFICTION
_98641
942 _cBK
999 _c8771
_d8769